Detalles MARC
| 000 -LIDER |
| fixed length control field |
01663nam a2200373 a 4500 |
| 001 - NÚMERO DE CONTROL |
| Identificador de número de control |
00169 |
| 003 - IDENTIFICACDOR DE NÚMERO DE CONTROL |
| control field |
DO-SdBNP |
| 005 - DATE AND TIME OF LATEST TRANSACTION |
| control field |
20180309114401.0 |
| 007 - CAMPOS FIJOS DE DESCRIPCIÓN FÍSICA |
| fixed length control field |
00169 |
| 008 - ELEMENTOS DE LONGITUD FIJA |
| fixed length control field |
091118s2008 dr 2008 000 0 spa d |
| 020 ## - ISBN |
| International Standard Book Number |
9789945112047 (v.2) - Guía |
| 020 ## - ISBN |
| International Standard Book Number |
9789945112283 - (v.3) - Cuaderno |
| 040 ## - FUENTE DE CATALOGACIÓN |
| Agencia que crea de manera original el registro |
BPMSU |
| Idioma de catalogación |
spa |
| Agencia que realiza la transcripción |
BPMSU |
| 092 ## - LOCALLY ASSIGNED DEWEY DECIMAL CALL NUMBER |
| Número de clasificación |
372.83 |
| Número de ítem (Cutter) |
R175s 5to. 2008 |
| 100 1# - ASIENTO PRINCIPAL -- NOMBRE PERSONAL |
| Nombre personal |
Ramos Santos, Henry |
| 245 10 - MENCIÓN DE TITULO |
| Título |
Sociedad 5 : |
| Subtítulo |
básica / |
| Mención de responsabilidad |
Henry Ramos Santos ; editora Margarita Castro Catrain |
| 260 ## - PUBLICACIÓN, DISTRIBUCIÓN, ETC. (PIE DE IMPRENTA) |
| Lugar de publicación, distribución, etc |
Santo Domingo : |
| Nombre del editor, distribuidor, etc. |
Santillana, |
| Fecha de publicación, distribución, etc |
2008. |
| 300 ## - DESCRIPCIÓN FÍSICA |
| Extensión |
2 v. : |
| Otros detalles físicos |
il., mapas., retrs. ; |
| Dimensiones |
28 cm. |
| 490 1# - MENCIÓN DE SERIES |
| Mención de serie |
Coral |
| 500 ## - NOTA GENERAL |
| Nota general |
La biblioteca posee la guía y el cuaderno |
| 505 0# - NOTA DE CONTENIDO |
| Título |
Unidad 1 -- |
| -- |
Geografía de América -- |
| -- |
Unidad 2 -- |
| -- |
Europa y Asia -- |
| -- |
Unidad 3 -- |
| -- |
África y Oceanía -- |
| -- |
Unidad 4 -- |
| -- |
Las grandes civilizaciones -- |
| -- |
Unidad 5 -- |
| -- |
Época de descubrimientos -- |
| -- |
Unidad 6 -- |
| -- |
La dominación colonial -- |
| -- |
Unidad 7 -- |
| -- |
Colonización en Ámerica -- |
| -- |
Unidad 8 -- |
| -- |
Economía y esclavitud -- |
| -- |
Unidad 9 -- |
| -- |
Las devastaciones -- |
| -- |
Unidad 10 -- |
| -- |
Las dos colonias |
| 650 #4 - ENCABEZAMIENTO DE MATERIA--TEMÁTICO |
| Término temático o nombre geográfico como elemento de entrada |
CIENCIAS SOCIALES |
| Subdivisión temática general |
ENSEÑANZA BÁSICA |
| 650 #4 - ENCABEZAMIENTO DE MATERIA--TEMÁTICO |
| Término temático o nombre geográfico como elemento de entrada |
CIENCIAS SOCIALES |
| Subdivisión temática general |
EDUCACIÓN PRIMARIA |
| 650 #4 - ENCABEZAMIENTO DE MATERIA--TEMÁTICO |
| Término temático o nombre geográfico como elemento de entrada |
CIENCIAS SOCIALES |
| Subdivisión temática general |
LIBROS DE TEXTOS |
| 650 #4 - ENCABEZAMIENTO DE MATERIA--TEMÁTICO |
| Término temático o nombre geográfico como elemento de entrada |
CIENCIAS SOCIALES |
| Subdivisión temática general |
ESTUDIOS Y EJERCICIOS |
| 650 #4 - ENCABEZAMIENTO DE MATERIA--TEMÁTICO |
| Término temático o nombre geográfico como elemento de entrada |
EDUCACIÓN PRIMARIA |
| Subdivisión geográfica |
REPÚBLICA DOMINICANA |
| 700 1# - ASIENTO SECUNDARIO -- NOMBRE PERSONAL |
| Nombre personal |
Castro Catrain, Margarita |
| Mención de responsabilidad |
ed. |
| 830 #0 - ASIENTO SECUNDARIO DE SERIE--TÍTULO UNIFORME |
| Título uniforme |
Coral |
| 910 ## - VALIDACIÓN |
| Validación |
Validado. Control de calidad MFF |
| 942 ## - ADDED ENTRY ELEMENTS (KOHA) |
| Source of classification or shelving scheme |
Dewey Decimal Classification |
| Koha item type |
Libros |
| 945 ## - INFORMACIÓN DE PROCESAMIENTO LOCAL |
| Información de procesamiento local |
Remanejado para la BNPHU / 2018 VM |
| 956 ## - LOCAL ELECTRONIC LOCATION AND ACCESS (OCLC) |
| Nombre de host |
VMATEO |
| Número de acceso |
10 |
| Información de compresión |
20150615 |
| Inicio de sesión |
BPMSU |
| Procesador de solicitud |
00151 |
| 956 ## - LOCAL ELECTRONIC LOCATION AND ACCESS (OCLC) |
| Nombre de host |
BTAVÁREZ |
| Número de acceso |
10 |
| Información de compresión |
20160408 |
| Inicio de sesión |
BPMSU |
| Procesador de solicitud |
00169 |